| 000 | 00426cam a22001337a 4500 | ||
|---|---|---|---|
| 008 | 180718b1961 xxu||||| |||| 00| 0 eng d | ||
| 082 | _aZ49x51 Y14 | ||
| 100 | _aYamamoto, Hideo | ||
| 245 |
_aDevelopment of agriculture collectivation in China _cby Hideo Yamamoto |
||
| 260 |
_aTokyo _bNational Research Institute of Agriculture _c1961 |
||
| 300 | _a50p | ||
| 440 | _aBulletin No. 5 | ||
| 650 | _aAgriculture, Cooperative --China | ||
| 999 |
_c427365 _d427365 |
||